Countries of Antarctica - Statistics

General Stats
  • This quiz has been taken 137 times
  • The average score is 5 of 7
Answer Stats
Answer % Correct
United Kingdom
86%
Argentina
85%
Australia
80%
Chile
80%
France
73%
New Zealand
72%
Norway
63%
No matching quizzes found
Score Distribution
Percent of People with Each Score
Percentile by Number Answered
Your Score History
You have not taken this quiz